<?xml version="1.0" encoding="UTF-8"?>
<collection xmlns="http://www.loc.gov/MARC21/slim">
 <record>
  <leader>00556nam a22001455a 4500</leader>
  <controlfield tag="001">EUN.um038573</controlfield>
  <controlfield tag="003">AR-BaUNS</controlfield>
  <controlfield tag="005">20050623122910.0</controlfield>
  <controlfield tag="008">041125s1972####ag#a##########000#0#spa#d</controlfield>
  <datafield tag="245" ind1="1" ind2="0">
   <subfield code="a">Saneamiento cuenca del río Reconquista /</subfield>
   <subfield code="c">Ministerio de obras públicas. Dirección de relaciones públicas.</subfield>
  </datafield>
  <datafield tag="260" ind1=" " ind2=" ">
   <subfield code="a">La Plata,</subfield>
   <subfield code="c">1972.</subfield>
  </datafield>
  <datafield tag="300" ind1=" " ind2=" ">
   <subfield code="a">20 p. :</subfield>
   <subfield code="b">ilus. ;</subfield>
   <subfield code="c">22,5 cm.</subfield>
  </datafield>
  <datafield tag="082" ind1="0" ind2="4">
   <subfield code="a">628</subfield>
  </datafield>
  <datafield tag="110" ind1="2" ind2=" ">
   <subfield code="a">Ministerio de obras públicas. Dirección de relaciones públicas</subfield>
   <subfield code="c">Buenos Aires. Provincia.</subfield>
  </datafield>
  <datafield tag="859" ind1=" " ind2=" ">
   <subfield code="a">Ar-BaUNS</subfield>
   <subfield code="b">BIB. CENTRAL - Sector C</subfield>
   <subfield code="h">628</subfield>
   <subfield code="i">B862</subfield>
   <subfield code="p">67468/973</subfield>
  </datafield>
 </record>
</collection>
